Banking law and practice in India (Record no. 21849)

MARC details
000 -LEADER
fixed length control field 00306nam a2200121Ia 4500
082 ## - DEWEY DECIMAL CLASSIFICATION NUMBER
Classification number 34:336.71(540)
Item number TAN
100 ## - MAIN ENTRY--AUTHOR NAME
Personal name Tannan, M L
245 #0 - TITLE STATEMENT
Title Banking law and practice in India
250 ## - EDITION STATEMENT
Edition statement Rev. Ed 13
260 ## - PUBLICATION, DISTRIBUTION, ETC. (IMPRINT)
Place of publication Bombay
Name of publisher Thacker
Year of publication 1971
942 ## - ADDED ENTRY ELEMENTS (KOHA)
Koha item type Books
Holdings
Withdrawn status Lost status Damaged status Not for loan Home library Current library Date acquired Cost, normal purchase price Full call number Accession Number Koha item type
      Weed out RRII Library RRII Library 16/12/2021 26.00 34:336.71(540) TAN 02566 Books